Normal view
MARC view
Entry Topical Term
001 - CONTROL NUMBER
- control field: 51300
003 - CONTROL NUMBER IDENTIFIER
- control field: dpl
005 - DATE AND TIME OF LATEST TRANSACTION
- control field: 20120821150540.0
008 - FIXED-LENGTH DATA ELEMENTS
- fixed length control field: 120821|||a|||||| | ||| d
040 ## - CATALOGING SOURCE
- Original cataloging agency: dpl
- Transcribing agency: dpl
150 ## - HEADING--TOPICAL TERM
- Topical term or geographic name as entry element: Kunde hospital
670 ## - SOURCE DATA FOUND
- Source citation: Work cat.: (dpl)39011: Heydon, Susan 51299, Modern medicine and international aid :, 2009
670 ## - SOURCE DATA FOUND
- Source citation: Work cat.: (dpl)39011: Heydon, Susan 51299, Modern medicine and international aid :, 2009
